Statistics for NBA players from all around the world - 2018/19 season

Click here to take the quiz!

General Stats

  • This quiz has been taken 13 times
  • The average score is 17 of 39

Answer Stats

Country Player Team(s) % Correct
CameroonJoel Embiid76ers
92%
AustraliaBen Simmons76ers
83%
CanadaAndrew WigginsTimberwolves
75%
AustraliaAron BaynesCeltics
67%
Puerto RicoJ.J. BareaMavericks
67%
Dominican Rep.Al HorfordCeltics
67%
CanadaJamal MurrayNuggets
67%
New ZealandSteven AdamsThunder
67%
BrazilNenê HilarioRockets
67%
CanadaTristan ThompsonCavaliers
58%
AustraliaJoe InglesJazz
58%
NigeriaAl-Farouq AminuTrail Blazers
58%
SenegalGorgui DiengTimberwolves
58%
BahamasBuddy HieldKings
50%
BahamasDeAndre AytonSuns
50%
AustraliaPatty MillsSpurs
50%
Australia/South SudanThon MakerBucks
50%
AustraliaMatthew DellavedovaCavaliers
50%
D.R. CongoBismack BiyomboHornets
50%
CameroonLuc Mbah A MouteClippers
42%
CameroonPascal SiakamRaptors
42%
CanadaDillon BrooksGrizzlies
42%
BrazilRaul NetoJazz
42%
MaliCheick DialloPelicans
33%
HaitiSkal LabissièreKings
33%
TunisiaSalah MejriMavericks
33%
BrazilCristiano FelicioBulls
33%
CanadaKelly OlynykHeat
33%
AustraliaDante ExumJazz
33%
ChinaZhou QiRockets
25%
D.R. CongoEmmanuel MudiayKnicks
25%
CanadaCory JosephPacers
25%
BrazilBruno CabocloRaptors
25%
CanadaNik StauskasTrail Blazers
17%
EgyptAbdel NaderThunder
17%
CanadaTrey LylesNuggets
17%
CanadaDwight PowellMavericks
8%
CanadaShai Gilgeous-AlexanderClippers
8%
NigeriaJosh OkogieTimberwolves
0%

Score Distribution

Percentile by Number Answered

Percent of People with Each Score

Your Score History

You have not taken this quiz